000 01714nam0a22003491 4500
001 v19\rc\1917002
005 20081009182055.8
035 _a(NLR Aleph) 005267306
090 _a5962609
_c5962609
100 _a20080404d1912 |||y0rusy50 ca
101 1 _arus
_cfre
102 _aRU
105 _ac z |||||
200 1 _aДендизм и Джордж Брэммель
_fБарбэ д'Оревильи
_gВступ. ст. М. Кузмина
_gПер. М. Петровского
210 _aМосква
_cАльциона
_d1912
215 _a[4], VI, 114 с., 1 л. фронт. портр., 2 л. портр.
_d17
300 _aВ конце предисл. к 1 изд. Ж.А. Барбэ д'Оревильи, ко 2 изд. Ж.К [!] Барбэ д'Оревильи
700 1 _6z01790
_aБарбэ д'Оревильи
_bЖ. А.
_f1808-1889
_gЖюль Амедей
_3RU\NLR\AUTH\7735675
_7ca
702 1 _aКузмин
_bМ. А.
_cпоэт
_f1872-1936
_gМихаил Алексеевич
_3RU\NLR\auth\779851
_4070
_7ca
702 1 _aПетровский
_bМ. П.
_f1833-1912
_gМемнон Петрович
_3RU\NLR\AUTH\7753385
_4730
_7ca
702 1 _aБрэммель
_bД.
_gДжордж
_4570
790 1 _6z01700
_aБарбе д'Оревильи
_bЖ. А.
_f1808-1889
_gЖюль Амедей
790 1 _6z01700
_aБарбэ д'Оревильи
_bЖ. К.
_f1808-1889
790 1 _6z01700
_aОревильи
_bЖ. А. д'
_f1808-1889
_gЖюль Амедей д'
801 0 _aRU
_bNLR
_c20080404
_gpsbo
801 0 _aRU
_bRuMoRGB
_c20080404
_2psbo
801 1 _aRU
_bProSoft-M
_c20080404
_2rusmarc
801 2 _aRU
_bNLR
_c20081009
_2rusmarc
852 _aNLR
_j112/297
852 _aNLR
_bМф
_jК1/4621
942 _cBOOK
980 _aNB